000 00646cam a2200205 a 4500
020 _a0471457949
040 _cUKM
082 0 0 _a006 WIL 2003 A007 Or.
100 1 _aGradecki, Joe,
245 1 0 _aMastering Apache Velocity /
260 _aNew York :
_bWiley,
_c2003.
300 _axx, 352 p. :
_bill. ;
_c24 cm.
650 0 _aWeb site development.
650 0 _aOpen source software.
700 1 _aCole, Jim,
856 4 2 _uhttp://www.loc.gov/catdir/bios/wiley046/2003273444.html
856 4 2 _uhttp://www.loc.gov/catdir/description/wiley041/2003273444.html
856 4 1 _uhttp://www.loc.gov/catdir/toc/wiley041/2003273444.html
942 _cEK
999 _c12512
_d12512